Statistics for Quiz about the Pan Am Flight 914

Click here to take the quiz!

General Stats

  • This quiz has been taken 15 times
  • The average score is 6 of 10

Answer Stats

HintAnswer% Correct
This event actually happened. True or false?False
80%
What year did the plane take off?1955
60%
Pan Am Flight 914 took off and landed how many years later?37
60%
How many flight crew members were on the plane?6
60%
The plane landed where?Caracas, Venezuela
60%
The plane was supposed to land where?Miami, USA
60%
The plane took off from where?New York, USA
60%
How many passengers were on the plane?57
40%
How many people were on the plane?63
40%
What was the name of the air traffic controller?Juan de la Corte
40%

Score Distribution

Percentile by Number Answered

Percent of People with Each Score

Your Score History

You have not taken this quiz